| 000 | 00427nam a2200169Ia 4500 | ||
|---|---|---|---|
| 008 | 250827s9999 xx 000 0 und d | ||
| 020 | _a978111981191 | ||
| 082 | _a530 WAL | ||
| 100 | _aHalliday | ||
| 245 | 0 | _aFundamentals of Physics Volume Two | |
| 250 | _a12th ed. | ||
| 260 |
_aUS _bJhon Wiley _c2022 |
||
| 300 | _a1444p. | ||
| 600 | _aHumanity & Natural Sciences | ||
| 650 | _aEngineering Technology | ||
| 942 | _cBBD | ||
| 999 |
_c31554 _d31554 |
||